00675 2200229 4500001002100000005001500021035002000036007000300056008004100059100003300100245009400133300002800227020002200255082000800277084001400285090002100299260002900320700004000349850001000389990002300399990002300422INLIS00000000000321720260528125512 a0010-0421000040ta260528 0 0 aJuliarti Dewi Kusumo Hartono1 aHospital Conversation /cJuliarti Dewi Kusumo Hartono;editor, Andry Hartono, Dwi Widiarti aviii, 101 hlm. ;c21 cm a978-979-044-125-5 a428 a428 JUL h a428 JUL h L10-R4 a.--Jakarta :bEGC,c20100 aeditor, Andry Hartono, Dwi Widiarti aPUPAD a17539/br-KAPD/2002 a17538/br-KAPD/2002